000 00761cab a2200241 4500
001 WB2707-12
008 090401t1991 xxu||||| |||| 00| 0 eng d
035 _a(Sirsi) u8560
041 _aeng
245 _aMany hurdles for Fox to jump
260 _c1991
350 _a0
490 _aFinancial Times
_v8/2/91 p10 (2)
520 _aLooks at the opportunities for the UK property market with the launching of the London Futures and Options Exchange Fox due to be set up on 3 May 1991. Commercial property will be measured by IPD .
650 _aINDEX
650 _aINDICES
650 _aPROPERTY FUTURES
650 _aSPECULATION
650 _aSPECULATORS
690 _aPROPERTY-PROPERTY FINANCE AND INVESTMENT
942 _n0
948 _c04/03/1997
999 _c5293
_d5293